Sois iglesia! (Record no. 16430)

MARC details
000 -LEADER
campo de control de longitud fija 00764ntaaa2200205 4500
003 - IDENTIFICADOR DE NÚMERO DE CONTROL
campo de control 01
005 - FECHA Y HORA DE LA ÚLTIMA TRANSACCIÓN
campo de control 20251027202140.0
008 - DATOS DE LONGITUD FIJA--INFORMACIÓN GENERAL
campo de control de longitud fija 0714s1973 ag 01
040 ## - FUENTE DE CATALOGACIÓN
Centro catalogador/agencia de origen AR-BaBN
Lengua de catalogación spa
Centro/agencia transcriptor AR-BaBN
Normas de descripción aacr
Centro/agencia modificador RIC
082 ## - NÚMERO DE LA CLASIFICACIÓN DECIMAL DEWEY
Número de clasificación 262.7000 So3s
100 ## - ENTRADA PRINCIPAL--NOMBRE DE PERSONA
Nombre de persona Flecha, J. Román
9 (RLIN) 19976
245 ## - MENCIÓN DEL TÍTULO
Título Sois iglesia!
250 ## - MENCION DE EDICION
Mención de edición 1 ed.
260 ## - PUBLICACIÓN, DISTRIBUCIÓN, ETC.
Lugar de publicación, distribución, etc. Madrid :
Nombre del editor, distribuidor, etc. Cristiandad,
Fecha de publicación, distribución, etc. 1983
300 ## - DESCRIPCIÓN FÍSICA
Extensión 161 p ;
Dimensiones 18,5 cm
500 ## - NOTA GENERAL
Nota general Homilías pronunciadas en cuaresma en una diócesis de León por varios sacerdotes, sobre el ser y sentido de la iglesia - cuerpo de Cristo y pueblo de Dios - sobre la compenetración del clero y de los laicos y sobre los diverso sservicios, apostolados y carismas
650 ## - PUNTO DE ACCESO ADICIONAL DE MATERIA--TÉRMINO DE MATERIA
Término de materia o nombre geográfico como elemento de entrada iglesia-naturaleza de la
9 (RLIN) 1715
700 ## - ENTRADA AGREGADA--NOMBRE PERSONAL
Nombre de persona Otros,
9 (RLIN) 13169
942 ## - ELEMENTOS DE ENTRADA SECUNDARIOS (KOHA)
Tipo de ítem Koha Colección General
Holdings
Estatus retirado Estado de pérdida Estado de daño No para préstamo Biblioteca de origen Biblioteca actual Fecha de adquisición Número de inventario Total de préstamos Signatura topográfica completa Código de barras Visto por última vez Precio de reemplazo Tipo de ítem Koha
        Biblioteca Pluis Biblioteca Pluis 27/10/2025 36849   262.7000 So3s 36849 27/10/2025 27/10/2025 Colección General